| 000 | 01860nam a22002657a 4500 | ||
|---|---|---|---|
| 999 |
_c58388 _d58388 |
||
| 003 | Ge_BSU | ||
| 005 | 20211230112406.0 | ||
| 008 | 211230s2021 ge ||||| |||| 00| 0 geo d | ||
| 020 | _a9789941258190 | ||
| 041 | _ageo | ||
| 080 | _a341.4 დ-26 | ||
| 100 |
_aდგებუაძე, გიორგი _913372 |
||
| 245 |
_aდანაშაულის ინდივიდუალური შერაცხვის დოქტრინა და პრეცედენტული სამართალი საერთაშორისო სისხლის სამართალში / _cგიორგი დგებუაძე; რედ. მერაბ ტურავა, კლაუს კრესი; ივ. ჯავახიშვილის სახელობის თბილისის სახელმწიფო უნივერსიტეტის იურიდიული ფაკულტეტი. |
||
| 264 |
_aთბილისი : _bმერიდიანი, _c2021. |
||
| 300 |
_a360 გვ. _b24 სმ. |
||
| 500 | _aპარალ. სათაური ინგლ. ენაზე | ||
| 501 | _aანბანურ-საგნობრივი საძიებელი გვ.331-359 | ||
| 504 | _aბიბლიოგრ. გვ. 295-330 | ||
| 653 | _aსამართალი | ||
| 700 |
_aტურავა, მერაბ _eრედაქტორი _99269 |
||
| 700 |
_aკრესი, კლაუს _eრედაქტორი _913373 |
||
| 710 |
_aივ. ჯავახიშვილის სახელობის თბილისის სახელმწიფო უნივერსიტეტი _bიურიდიული ფაკულტეტი _913374 |
||
| 773 | _tნაჩუქარი | ||
| 942 |
_2udc _cBK |
||